[Event "Porto San Giorgio op"]
[Site "Porto San Giorgio"]
[Date "2019.08.29"]
[Round "7"]
[White "Vuelban, Virgilio"]
[Black "Medici, Simone"]
[Result "1-0"]
[WhiteElo "2271"]
[BlackElo "2201"]
[PlyCount "179"]
[EventDate "2019.08.24"]
[EventType "swiss"]
[EventRounds "9"]
[EventCountry "ITA"]
[SourceTitle "EXT 2020"]
[Source "ChessBase"]
[SourceDate "2019.10.17"]
[SourceVersion "1"]
[SourceVersionDate "2019.10.17"]
[SourceQuality "1"]

1. e4 d5 2. exd5 Qxd5 3. Nf3 Nf6 4. d4 c6 5. Nc3 Qd8 6. Bd3 g6 7. 0-0 Bg7 8. Re1 0-0 9. h3 Re8 10. Bg5 h6 11. Be3 Nbd7 12. Qd2 Kh7 13. Ne5 Nxe5 14. dxe5 Nd5 15. Nxd5 Qxd5 16. Bf4 Be6 17. Qe2 Qd4 18. Qe3 Qxe3 19. Rxe3 Rad8 20. h4 h5 21. Rae1 Rd7 22. f3 Bh6 23. Bxh6 Kxh6 24. Kf2 Red8 25. Kg3 a6 26. a3 Rd4 27. Re4 R4d7 28. Rf4 c5 29. Kf2 b5 30. g4 c4 31. Be4 Rd2+ 32. Kg3 R8d4 33. Rg1 a5 34. gxh5 Kxh5 35. Ra1 Kh6 36. Rc1 g5 37. hxg5+ Kxg5 38. Rh1 Rg2+ 39. Kxg2 Kxf4 40. Kf2 Kxe5 41. Ke3 Rd8 42. f4+ Kd6 43. Rd1+ Kc7 44. Rxd8 Kxd8 45. Kd4 Kc7 46. Kc5 Bd7 47. c3 e6 48. Bg2 a4 49. Bf3 f6 50. Bg4 f5 51. Bh5 Bc6 52. Bf7 Bd7 53. Bg8 e5 54. fxe5 f4 55. Bd5 Be8 56. Kd4 Bg6 57. Be4 Bh5 58. Bd5 Bg6 59. Bf3 Bf5 60. Kc5 Bd7 61. Kd4 Bf5 62. Kd5 Kd7 63. Kc5 Ke6 64. Kd4 Kd7 65. Kd5 Ke7 66. Kd4 Kd7 67. Bb7 Kc7 68. Be4 Bg4 69. Bh1 Bf5 70. Kc5 Bd7 71. Bf3 Be8 72. e6 Bg6 73. Kd5 Be8 74. Ke5 Bg6 75. Kxf4 Kd6 76. Kg5 Be8 77. Kf6 Kc5 78. Ke7 Bg6 79. Kd8 Kd6 80. e7 Ke5 81. Bc6 Kf4 82. Bxb5 Ke3 83. Bxc4 Kd2 84. Bb5 Kc2 85. Be8 Bxe8 86. Kxe8 Kxb2 87. Kd7 Kxa3 88. e8Q Kb3 89. Qe6+ Kxc3 90. Qa2 1-0

[Event "Porto San Giorgio op"]
[Site "Porto San Giorgio"]
[Date "2019.08.27"]
[Round "5"]
[White "Vuelban, Virgilio"]
[Black "Miotto, Alberto"]
[Result "1-0"]
[WhiteElo "2271"]
[BlackElo "1950"]
[PlyCount "83"]
[EventDate "2019.08.24"]
[EventType "swiss"]
[EventRounds "9"]
[EventCountry "ITA"]
[SourceTitle "EXT 2020"]
[Source "ChessBase"]
[SourceDate "2019.10.17"]
[SourceVersion "1"]
[SourceVersionDate "2019.10.17"]
[SourceQuality "1"]

1. e4 e6 2. d4 d5 3. Nc3 Nf6 4. e5 Nfd7 5. Nf3 c5 6. dxc5 Nc6 7. Bf4 Nxc5 8. Bd3 Be7 9. Qe2 Nxd3+ 10. cxd3 a6 11. 0-0-0 b5 12. Kb1 Bd7 13. Rc1 Qb6 14. Be3 Qa5 15. Nd4 Nxd4 16. Bxd4 0-0 17. Qe3 Qb4 18. f4 f5 19. Nxd5 exd5 20. Rc7 Rad8 21. e6 Bc8 22. Rhc1 Rde8 23. a3 Qd6 24. R1c6 Qd8 25. Qg3 g6 26. Qe3 a5 27. Rxc8 Qxc8 28. Rxc8 Rxc8 29. h4 Rce8 30. h5 Bf6 31. hxg6 hxg6 32. Bb6 b4 33. axb4 axb4 34. d4 Kh7 35. Qe1 Rg8 36. g3 Rg7 37. Qh1+ Kg8 38. Qxd5 Kf8 39. Bc5+ Be7 40. Bxe7+ Rgxe7 41. Qd6 Kg7 42. d5 1-0